000 00340nam a22001457a 4500
008 210609b ||||| |||| 00| 0 eng d
020 _a9780697126436
041 _aeng
080 _24th
_a37
082 _a37
100 _a46
101 _aEDU
245 _aMotor Learning Concepts and Applications
_cRichard A. Magill
942 _2udc
_cBK
999 _c58076
_d58076